| 000 | 01134nam a2200229Ia 4500 | ||
|---|---|---|---|
| 999 |
_c40322 _d40322 |
||
| 001 | 6930 | ||
| 003 | GE_BSU | ||
| 005 | 20200211122827.0 | ||
| 008 | 181216s1980||||ge |||||||||||||| ||ge || | ||
| 040 | _cGE_BSU | ||
| 041 | _ageo | ||
| 080 | _a821.353.1-11 გ-97 | ||
| 100 |
_aგურამიშვილი, დავით. _96973 |
||
| 245 |
_aდავითიანი : _bპოემა / _cდავით გურამიშვილი ; რედ. ოთარ ეგაძე ; წინასიტყვ. ავტ. ალ. ბარამიძე ; მხატვ. ევ. დერმელენკო. |
||
| 264 |
_aთბილისი : _bხელოვნება, _c1980. |
||
| 300 |
_a88 გვ. : _bილ. ; _c32 სმ. |
||
| 600 |
_aეძღვნება დიდი ქართველი პოეტის დავით გურამიშვილის დაბად. 275 წლისთავს _96974 |
||
| 653 | _aდავითიანი | ||
| 653 | _aპოემა | ||
| 700 |
_aეგაძე, ოთარ _eრედაქტორი _92938 |
||
| 942 |
_cBK _2udc |
||